Vai trò to lớn của hậu phương miền Bắc đối với tiền tuyến lớn miền Nam trong kháng chiến chống Mỹ, cứu nước Luận văn tốt nghiệp Đại học Sư phạm ngành Sử Khóa 20

Bewaard in:
Bibliografische gegevens
Hoofdauteur: Nguyễn Thị Mộng Phường
Formaat: Boek
Taal:Undetermined
Gepubliceerd in: Cần Thơ Trường Đại học Cần Thơ, Khoa Sư phạm, Bộ môn Sử 1998
Onderwerpen:
Tags: Voeg label toe
Geen labels, Wees de eerste die dit record labelt!
Thư viện lưu trữ: Trung tâm Học liệu Trường Đại học Cần Thơ
LEADER 00883nam a2200193Ia 4500
001 CTU_25141
008 210402s9999 xx 000 0 und d
082 |a 959.7 
082 |b Ph561/1998 
100 |a Nguyễn Thị Mộng Phường 
245 0 |a Vai trò to lớn của hậu phương miền Bắc đối với tiền tuyến lớn miền Nam trong kháng chiến chống Mỹ, cứu nước 
245 0 |b Luận văn tốt nghiệp Đại học Sư phạm ngành Sử Khóa 20 
245 0 |c Nguyễn Thị Mộng Phường 
260 |a Cần Thơ 
260 |b Trường Đại học Cần Thơ, Khoa Sư phạm, Bộ môn Sử 
260 |c 1998 
650 |a vietnam - history - 1954 - 1975 
904 |i Nguyễn Quang Điền, 980915 
980 |a Trung tâm Học liệu Trường Đại học Cần Thơ